000 00470nab a2200145Ia 4500
003 ES-SlBCS
005 20210601125229.0
008 140529s1971 xxu||||| |||| 00| 0 eng d
041 _aeng
100 1 _aBenfield, David W.
_9155707
245 0 0 _aJohnstone on the Truth of Philosophical Statements
_c David W. Benfield
650 0 4 _aJohnstone-Filosofía
_9155708
773 0 _tPhilosophy and Phenomenological Research
_gvol. 32, 1971, págs. 96-102
_wRev1411
942 _cAR
999 _c526900
_d526900